God Jr /

Guardat en:
Dades bibliogràfiques
Autor principal: Cooper, Dennis (Autor)
Altres autors: Cioni, Adelaide
Format: Llibre
Idioma:italià
Publicat: Roma : Fazi, 2006
Col·lecció:Le strade ; 105
Etiquetes: Afegir etiqueta
Sense etiquetes, Sigues el primer a etiquetar aquest registre!

MARC

LEADER 00000nam a22000007i 4500
001 IT\ICCU\RAV\1423503
003 ItRI
005 20250918115454.0
008 060321s2006 it |||||| ||||| |||||c
020 |a 8881127202 
040 |b ita  |c ct 
041 7 |a ita  |2 ISO-639-2 
082 |a 813.54  |2 19 
100 1 |a Cooper, Dennis  |0 IT\ICCU\LO1V\161105  |4 aut 
240 1 0 |a God Jr.  |9 Cooper, Dennis 
245 1 0 |a God Jr /  |c Dennis Cooper ; traduzione di Adelaide Cioni. 
260 |a Roma :  |b Fazi,  |c 2006 
300 |a 126 p. ;  |c 22 cm. 
700 1 |a Cioni, Adelaide  |0 IT\ICCU\UBOV\696371 
830 3 |a Le strade ;  |v 105  |0 IT\ICCU\LO1\0422396 
942 |2 ddc  |c BK 
952 |0 0  |1 0  |2 ddc  |4 0  |6 B_LNR02COODEGOD11  |7 0  |9 5813  |a MI  |b MI  |d 2006-03-17  |i 5118  |l 0  |o B-LNR02-COODE-GOD11  |p CDOM5118  |r 2025-07-13 16:28:00  |w 2025-07-13  |x ACQUISTO  |y BK 
981 1 |6 z01  |a i   |b xxxe  
982 1 |6 z01  |a n 
999 |c 4642  |d 4642